Landscapes and portraits, appreciations of Japanese culture
Zapisane w:
| 1. autor: | |
|---|---|
| Format: | Książka |
| Język: | Undetermined |
| Wydane: |
Tokyo
Kodansha International Ltd.
1971
|
| Hasła przedmiotowe: | |
| Etykiety: |
Dodaj etykietę
Nie ma etykietki, Dołącz pierwszą etykiete!
|
| Thư viện lưu trữ: | Trung tâm Học liệu Trường Đại học Cần Thơ |
|---|
| LEADER | 00545nam a2200193Ia 4500 | ||
|---|---|---|---|
| 001 | CTU_113477 | ||
| 008 | 210402s9999 xx 000 0 und d | ||
| 082 | |a 895.6 | ||
| 082 | |b K26 | ||
| 100 | |a Keene, Donald | ||
| 245 | 0 | |a Landscapes and portraits, appreciations of Japanese culture | |
| 245 | 0 | |c Donald Keene | |
| 260 | |a Tokyo | ||
| 260 | |b Kodansha International Ltd. | ||
| 260 | |c 1971 | ||
| 650 | |a Japanese literature | ||
| 650 | |x History and criticism | ||
| 904 | |i Giang | ||
| 980 | |a Trung tâm Học liệu Trường Đại học Cần Thơ | ||